Normal view
MARC view
- رياض الأطفال
Entry Topical Term
001 - CONTROL NUMBER
- control field: 42268
003 - CONTROL NUMBER IDENTIFIER
- control field: JO-AjAnu
005 - DATE AND TIME OF LATEST TRANSACTION
- control field: 20230606081020.0
008 - FIXED-LENGTH DATA ELEMENTS
- fixed length control field: 230606|| aca||aabn | a|a d
040 ## - CATALOGING SOURCE
- Original cataloging agency: JO-AjAnu
- Transcribing agency: JO-AjAnu
150 ## - HEADING--TOPICAL TERM
- Topical term or geographic name entry element: رياض الأطفال
670 ## - SOURCE DATA FOUND
- Source citation: Work cat.: (JO-AjAnu)21654: مصلح، عدنان عارف, author 42267, التربية في رياض الأطفال